A fiscalização financeira do sector empresarial do estado por tribunais de contas ou instituições equivalentes : (Record no. 1281)

MARC details
000 -LÍDER
Campo Fixo de Controle 00769nam a2200205 a 4500
001 - NÚMERO DE CONTROLE
Campo de Controle 1281
003 - IDENTIFICAÇÃO DO NÚMERO DE CONTROLE
Campo de Controle BR-CuiBMT
005 - DATA E HORA DA ÚLTIMA ATUALIZAÇÃO
Campo de Controle 20231204154158.0
008 - DADOS FIXOS
Dados Fixos 230711s1993 ptba 000 0 por d
040 ## - AGÊNCIA CATALOGADORA
Código da Agência Catalogadora BR-CuiBMT
Agência que transcreveu o registro BR-CuiBMT
080 ## - Nº DA CLASSIFICAÇÃO DECIMAL UNIVERSAL
Nº Class. CDU 351.94:336.148
Subd. Auxiliar Comum (469)
Nº edição CDU 2007
090 ## - NÚMERO DE CHAMADA
Nº classificação 351.94:336.148(469)
Cutter C116f
100 1# - ENTRADA PRINCIPAL -- AUTOR PESSOAL
Nome pessoal Cabo, Sérgio Gonçalves do
245 12 - TÍTULO PRINCIPAL
Título principal A fiscalização financeira do sector empresarial do estado por tribunais de contas ou instituições equivalentes :
Subtítulo estudo de direito português e de direito comparado /
Indicação de responsabilidade Sérgio Gonçalves do Cabo.
260 ## - PUBLICAÇÃO, DISTRIBUIÇÃO, ETC.
Local de publicação Lisboa, Portugal :
Editora Tribunal de Contas,
Data 1993.
300 ## - DESCRIÇÃO FÍSICA
N. páginas ou volumes 649 p. :
Dimensões 21 cm
650 ## - ASSUNTO TÓPICO
Cabeçalho tópico ou nome geográfico Tribunal de contas
Subdivisão geográfica Portugal
650 ## - ASSUNTO TÓPICO
Cabeçalho tópico ou nome geográfico Controle financeiro
Subdivisão geográfica Portugal
942 ## - ELEMENTOS DE ENTRADA ADICIONAIS (KOHA)
Fonte de classificação ou esquema de arquivamento Classificação Decimal Universal
Tipo de item do Koha Livros
Holdings
Estado: removido Estado: perdido Fonte de classificação ou esquema de arquivamento Estado: danificado Indisponível para empréstimo Localização permanente Localização atual Data de aquisição Total Checkouts Número de Chamada completo Código de barras Date last seen Número do exemplar Preço efetivo a partir de Tipo de item (Koha)
    Classificação Decimal Universal     Biblioteca da Escola Superior de Contas do TCE/MT Biblioteca da Escola Superior de Contas do TCE/MT 23/09/2008   351.94:336.148(469) C116f BIBTCEMT23120105 04/12/2023 Ex. 1 04/12/2023 Livros

Powered by Koha